Les 10 plus grands sets Lego de tous les temps - Statistiques

Statistiques générales
  • Ce quiz a été pris 444 fois
  • Le résultat moyen est 4 sur 10
Statistiques - réponses
Nb de pcs Nom du set Team % Correct
6020 Le château de Poudlard Harry Potter
78%
7541 Millennium Falcon Star Wars
78%
10001 La tour Eiffel Icons
72%
9090 Le Titanic Icons
69%
11695 La carte du monde Art
30%
9036 Le Colisée Icons
29%
6785 AT-AT Star Wars
25%
6167 Le Seigneur des Anneaux : Fondcombe Icons
13%
6187 Razor Crest Star Wars
12%
6163 Les marchés de NINJAGO City Ninjago
6%
Aucun quiz correspondant
Distribution des résultats
% des personnes avec chaque résultat
Percentile par nombre de réponses
Votre historique - résultats
Vous n’avez pas pris ce quiz